Zdokonalení řízení technické normalizace v návaznosti na plánovaní a uplatňování úkolů RVT záverečná práca postgraduálneho štúdia
Uložené v:
| Hlavný autor: | |
|---|---|
| Korporativný autor: | |
| Ďalší autori: | |
| Médium: | Kniha |
| Jazyk: | Czech |
| Vydavateľské údaje: |
Bratislava
1989
|
| Tagy: |
Žiadne tagy, Buďte prvý, kto otaguje tento záznam!
|
MARC
| LEADER | 00000nam a2200000 4500 | ||
|---|---|---|---|
| 001 | c039999 | ||
| 005 | 20260108100159.3 | ||
| 041 | 0 | |a cze | |
| 044 | |a SK | ||
| 245 | 1 | 0 | |a Zdokonalení řízení technické normalizace v návaznosti na plánovaní a uplatňování úkolů RVT |b záverečná práca postgraduálneho štúdia |c Pavel Vrkoč ; Ved. práce Ľuba Füzyová |
| 264 | 1 | |a Bratislava |c 1989 | |
| 300 | |a 71 s. | ||
| 100 | 1 | |a Vrkoč, Pavel | |
| 700 | 1 | |a Füzyová, Ľubica | |
| 710 | 2 | |a Vysoká škola ekonomická v Bratislave | |